000 00978cab a2200277 4500
001 ABS47258
008 090401t1992 xxu||||| |||| 00| 0 eng d
035 _a(Sirsi) u61259
041 _aeng
100 _aSparkes, P.
245 _aInformal short-term leases
260 _c1992
350 _a0
490 _aConveyancer & Property Lawyer
_vJuly/August 1992, 252-262; September/October 1992,
520 _aDiscusses Law of Property Act 1925 s54(1) which permits an informal lease to have effect at law as a tenancy at will. Highlights the difficulties arising from the CA test "ex p Voisey" (1882) for the duration of a lease.
650 _aFIXED TERM TENANCIES
650 _aINFORMAL LEASES
650 _aLAW OF PROPERTY ACT 1925 S54(1)
650 _aPERIODIC TENANCIES
650 _aPERPETUALLY RENEWABLE LEASES
650 _aSHORT-TERM LEASES
650 _aTENANCY AT WILL
690 _aPROPERTY-LANDLORD AND TENANT
942 _n0
948 _c04/03/1997
999 _c37912
_d37912